La nueva secularidad
Guardat en:
| Autor principal: | |
|---|---|
| Format: | Llibre |
| Idioma: | espanyol |
| Publicat: |
Barcelona
Nova Terra
1968
|
| Matèries: | |
| Etiquetes: |
Afegir etiqueta
Sense etiquetes, Sigues el primer a etiquetar aquest registre!
|
MARC
| LEADER | 00000nam a2200000 a 4500 | ||
|---|---|---|---|
| 001 | UCL5325 | ||
| 003 | CL-VaPUC | ||
| 008 | 040312e19680000SP |||||||||||||||||spa|d | ||
| 082 | 0 | 4 | |a 211.6 |b MAL |2 21 |
| 100 | |a Maldonado Arenas, Luis |e autor |9 867548 | ||
| 245 | 1 | 3 | |a La nueva secularidad |
| 300 | |a 248 p | ||
| 942 | |c BK | ||
| 945 | |d 20040312 00:00:00 |a rbrito | ||
| 260 | |a Barcelona |b Nova Terra |c 1968 | ||
| 650 | 0 | |a Secularismo |9 401960 | |
| 583 | |a last modification |c 20040312 00:00:00 |k Rodrigo Vera | ||
| 999 | |c 307935 |d 307933 | ||
| 952 | |0 0 |1 2 |4 0 |6 211_600000000000000_MAL_1968 |7 0 |8 A |9 374123 |a BIBTEO |b BIBTEO |d 2019-11-21 |i 2086581 |o 211.6 MAL 1968 |p 2086581 |r 2019-11-21 |w 2019-11-21 |x Descarte 2019 |y BK |k ICR | ||